Obálka
Pro půjčování e-knih musíte být přihlášeni.
Jak si půjčit online?

Percy Jackson : chlapec - polobůh - hrdina. Zloděj blesku /

Úvod do fantasy série o dvanáctiletém Percym, který je synem jednoho z řeckých bohů.

Uloženo v:
Série:Percy Jackson, část 1
Hlavní autor: Riordan, Rick, 1964- (Autor)
Další autoři: Chodilová, Dana, 1964- (Autor), Šebestík, Martin (Překladatel), Neskusil, Petr, 1991- (Režisér)
Médium: E-audiokniha
Jazyk:Czech
Vydáno: Praha : Voxi, [2022]
Témata:
Příbuzné jednotky:Z cyklu:: Percy Jackson
Tagy:
Žádné tagy
LEADER 04017nim a2200901 i 4500
001 313126
003 CZ PrSKC
005 20260601215736.0
007 sd fungnnmmned
008 220520t20222022xr nnnnj f n cze
015 |a cnb003422607 
024 3 |a 8594050433786 
040 |a ABA001  |b cze  |e rda 
041 1 |d cze  |h eng 
072 7 |a 821.111(73)-3  |x Americká próza  |2 Konspekt 
072 7 |a 821-93  |x Literatura pro děti a mládež (beletrie)  |2 Konspekt 
080 |a 821.111(73)-31  |2 MRF 
080 |a (0:82-312.9)  |2 MRF 
080 |a (086.7.053.2)  |2 MRF 
080 |a (086.7)08  |2 MRF 
080 |a (086.76)  |2 MRF 
100 1 |a Riordan, Rick,  |d 1964-  |7 xx0103318  |4 aut 
240 1 0 |a Lightning thief.  |l Česky 
245 1 0 |a Percy Jackson :  |b chlapec - polobůh - hrdina.  |p Zloděj blesku /  |c Rick Riordan ; z anglického originálu Percy Jackson - The lightning thief přeložila Dana Chodilová 
246 3 0 |a Zloděj blesku 
264 1 |a Praha :  |b Voxi,  |c [2022] 
264 4 |c ©2022 
300 |a 1 audiodisk (11 hod., 2 min.) ;  |c 12 cm 
306 |a 110200 
336 |a mluvené slovo  |b spw  |2 rdacontent 
337 |a audio  |b s  |2 rdamedia 
338 |a audiodisk  |b sd  |2 rdacarrier 
344 |a digital  |b optical  |2 rda 
347 |a audio soubor  |b MP3  |2 rda 
500 |a Název z disku 
500 |a Copyright Albatros Media 
500 |a Nezkrácená audiokniha ve formátu mp3 
500 |a Podle stejnojmenné knihy vydané nakladatelstvím Fragment v roce 2009 
508 |a Režie Martin Šebestík 
511 0 |a Čte Petr Neskusil 
520 2 |a Úvod do fantasy série o dvanáctiletém Percym, který je synem jednoho z řeckých bohů. 
655 7 |a americké romány  |7 fd131796  |2 czenas 
655 7 |a fantasy romány  |7 fd184199  |2 czenas 
655 7 |a zvukové záznamy pro děti a mládež  |7 fd186726  |2 czenas 
655 7 |a audioknihy  |7 fd119452  |2 czenas 
655 7 |a kompaktní disky  |7 fd201991  |2 czenas 
700 1 |a Chodilová, Dana,  |d 1964-  |7 xx0017374  |4 trl 
700 1 |a Šebestík, Martin  |7 xx0089616  |4 drt 
700 1 |a Neskusil, Petr,  |d 1991-  |7 xx0244298  |4 nrt 
787 0 8 |i Z cyklu:  |t Percy Jackson  |g 1 
900 |a ABA001  |b 19 
044 |a xr 
505 0 0 |t 00_Uvod (0 min., 44 sek.) 
505 0 0 |t 01_Z_nicehonic_vyparim_ucitelku_matematiky (26 min., 0 sek.) 
505 0 0 |t 02_Tri_stare_damy_pletou_ponozky_smrti (21 min., 1 sek.) 
505 0 0 |t 03_Grover_necekane_prijde_o_kalhoty (27 min., 47 sek.) 
505 0 0 |t 04_Mama_me_uci_bojovat_s_byky (21 min., 52 sek.) 
505 0 0 |t 05_Hraju_Pinochle_s_konem (34 min., 14 sek.) 
505 0 0 |t 06_Stavam_se_nejvyssim_vladcem_koupelny (32 min., 24 sek.) 
505 0 0 |t 07_Vykouri_se_mi_vecere (24 min., 41 sek.) 
505 0 0 |t 08_Ukoristime_vlajku (35 min., 40 sek.) 
505 0 0 |t 09_Dostavam_nabidku_na_vypravu (41 min., 18 sek.) 
505 0 0 |t 10_Znicim_uplne_bezvadny_autobus (33 min., 29 sek.) 
505 0 0 |t 11_Navstivime_obchod_se_zahradnimi_trpasliky (35 min., 39 sek.) 
505 0 0 |t 12_Dostavame_radu_od_pudla (14 min., 43 sek.) 
505 0 0 |t 13_Skacu_vstric_smrti (25 min., 10 sek.) 
505 0 0 |t 14_Stavam_se_znamym_uprchlikem (11 min., 39 sek.) 
505 0 0 |t 15_Buh_nam_kupuje_cheesburgery (39 min., 7 sek.) 
505 0 0 |t 16_Stopujeme_zebru_do_Vegas (42 min., 10 sek.) 
505 0 0 |t 17_Nakupujeme_vodni_luzka (30 min., 35 sek.) 
505 0 0 |t 18_Anabet_provadi_vycvik (28 min., 54 sek.) 
505 0 0 |t 19_Zjistujeme_pravdu_nebo_neco_na_ten_zpusob (36 min., 7 sek.) 
505 0 0 |t 20_Bojuju_se_svym_pitomym_pribuznym (24 min., 23 sek.) 
505 0 0 |t 21_Splacim_ucet (35 min., 45 sek.) 
505 0 0 |t 22_Vestba_se_plni (37 min., 54 sek.) 
910 |a RBIT002 
998 |d 357810  |a https://core.palmknihy.cz/api/books/357810/cover?tewe7y  |b https://core.palmknihy.cz/api/books/357810/cover/400?tewe7y  |c https://core.palmknihy.cz/api/books/357810/cover/50?tewe7y  |e 2026-06-30  |i 8594050433786  |l 39720  |q 49  |r 1  |s https://www.palmknihy.cz/kniha/357810  |t audiobook  |y 2022  |z 0  |v Percy Jackson  |w 1 
999 |d 313124